000 00565nam a2200193Ia 4500
003 OSt
005 20240810113102.0
008 210210b1966 xxu||||| |||| 00| 0 eng d
040 _cAL
041 _akan
082 _aK894.3 NADV
100 _aNADIGERA KRASHNARAYA:
_dನಾಡಿಗೇರ ಕೃಷ್ಣರಾಯ
_9176357
245 _aVayassige bandavalu:
_bವಯಸ್ಸಿಗೆ ಬಂದವಳು
260 _aBengaluru
_bShri Bhuvanendra Prakashana
_c1966
300 _a195
690 _aKannada Fiction
_9176358
906 _a027254
942 _2ddc
_cBK
999 _c78547
_d78547